| 000 | 00739nam a2200229 a 4500 | ||
|---|---|---|---|
| 999 |
_c908 _d908 |
||
| 005 | 20200511175357.0 | ||
| 008 | 140224b1993 ||||| |||| 00| 0 eng d | ||
| 040 |
_aCO-BoIAVH _cCO-BoIAVH |
||
| 041 | _aeng | ||
| 082 | _a599.096 | ||
| 090 |
_aLB _b00896 |
||
| 100 |
_aGalster, Steven R. _99767 |
||
| 245 |
_aIllegal rhino horn trade _bthe case for sanctions against Taiwan and China, the need for new enforcement action in Hong Kong |
||
| 260 |
_aLondres _bEnvironmental Investigation Agency _bWorld Society for the Protection of Animals _c1993 |
||
| 300 | _a34 p. | ||
| 650 |
_aCITES _92790 |
||
| 650 |
_aTráfico de especies _96276 |
||
| 650 |
_aSanciones _99768 |
||
| 650 |
_aRinocerontes _99769 |
||
| 662 | _aChina | ||
| 942 |
_cLIBRO _2z |
||